| 000 | 00329nam a2200109Ia 4500 | ||
|---|---|---|---|
| 008 | 220217s9999||||xx |||||||||||||| ||und|| | ||
| 100 |
_aOdam, Seam Nottenghen,Hanson _92841 |
||
| 245 | 0 | _aCisco switching black book | |
| 260 |
_aDream tech publications _bNew Delhi _c2002 |
||
| 300 |
_aXIX,623 _b399 |
||
| 650 | _aCOMPUTER NETWORK | ||
| 999 |
_c170111 _d170111 |
||